000 00318nam a2200133Ia 4500
008 190216s9999||||xx |||||||||||||| ||und||
100 _aWalter Rudin
245 0 _aReal And Complex Analysis
250 _a2nd ed
260 _bTata Mcgrawhill Publishers
_c1982
300 _a452
650 _aMathematics
942 _cBK
999 _c30815
_d30815